Drapeaux historiques - Statistiques

Statistiques générales
  • Ce quiz a été pris 361 fois
  • Le résultat moyen est 11 sur 15
Statistiques - réponses
Par images Réponse % Correct
Royaume de France (1643-1789)
96%
Japon (1867-1945)
95%
Chine Qing (1644-1912)
94%
Portugal (1830-1918)
88%
Autriche-Hongrie (1869-1918)
86%
Provinces-Unies (1572–1795)
79%
Prusse (1892-1918)
76%
Espagne (1701-1760)
74%
Russie (1858-1917)
69%
Raj britannique (1858-1947))
62%
Angleterre (Flotte marchande)
61%
Royaume d'Italie (1804-1815)
56%
Indochine francaise (1887-1954)
53%
Egypte Mamelouke (1250-1517)
47%
Biélorussie (1918/1991-1995)
34%
Aucun quiz correspondant
Distribution des résultats
% des personnes avec chaque résultat
Percentile par nombre de réponses
Votre historique - résultats
Vous n’avez pas pris ce quiz